000 00577nam a2200217Ia 4500
005 20260429112310.0
008 260429s9999||||xx |||||||||||||| ||und||
020 _a9789391063832
041 _aEnglish
082 _a633.68
_bDHI
100 _aDhillon, W.S.
245 0 _aPlantation crops in India /
_cW.S. Dhillon
250 _a1st ed.
260 _aNew Delhi :
_bNarendra Publishing House,
_c2022.
300 _axv, 429 p.; hb
650 _a Agricultural science
650 _a Agronomy
650 _a Cash crops
650 _aPlantation crops-India
942 _cTB
999 _c53375
_d53375